[Event "First Saturday 2011 december FM-B"]
[Site "Budapest"]
[Date "2011.12.08"]
[Round "6"]
[White "Mihajlova, Diana"]
[Black "Takacs, Kevin"]
[Result "0-1"]
[WhiteElo "1454"]
[BlackElo "1788"]
[PlyCount "130"]
[EventDate "2011.12.03"]

1. e4 c5 2. Nf3 d6 3. d3 Nc6 4. Be3 Nf6 5. Be2 g6 6. h3 Bg7 7. Qd2 Nxe4 8. dxe4
Bxb2 9. Bh6 Bxa1 10. c3 Qb6 11. O-O Qb2 12. Qe3 Be6 13. Nfd2 Qxa2 14. Bb5 a6
15. Bxc6+ bxc6 16. e5 O-O-O 17. exd6 exd6 18. Ne4 Bf5 19. Rd1 Bxe4 20. Qxe4 Kc7
21. Qe7+ Rd7 22. Qf6 Qc2 23. Rc1 Qxc1+ 24. Bxc1 Rb8 25. Nd2 a5 26. Qf3 Re7 27.
Kh2 f5 28. Nc4 a4 29. Nxd6 a3 30. Bxa3 Kxd6 31. Qd3+ Kc7 32. Bxc5 Rd7 33. Qg3+
Kc8 34. Qe5 Kb7 35. Qe3 Ra8 36. Bb4 Bb2 37. Qc5 Bc1 38. Ba5 Bf4+ 39. g3 Bc7 40.
Qb4+ Kc8 41. Bxc7 Kxc7 42. Qf4+ Rd6 43. Qe5 Rad8 44. c4 Kb7 45. Qb2+ Kc7 46. c5
Re6 47. Qb6+ Kc8 48. Qa6+ Kc7 49. Qa7+ Kc8 50. Kg2 Rd7 51. Qa8+ Kc7 52. Qa5+
Kb7 53. Qb6+ Kc8 54. Qa6+ Kd8 55. Qb6+ Ke7 56. Qb8 Rf6 57. Qe5+ Kf7 58. Kf3 g5
59. h4 h6 60. hxg5 hxg5 61. Ke3 Re6 62. Qxe6+ Kxe6 63. f4 gxf4+ 64. Kxf4 Rd3
65. g4 Rd4+ 0-1

[Event "First Saturday 2011 december FM-B"]
[Site "Budapest"]
[Date "2011.12.09"]
[Round "7"]
[White "Engelbrecht, Imre dr"]
[Black "Somogyi, Akos"]
[Result "1-0"]
[WhiteElo "1651"]
[BlackElo "1258"]
[PlyCount "67"]
[EventDate "2011.12.03"]

1. e4 c5 2. Bc4 e6 3. Nc3 Ne7 4. Qe2 d5 5. exd5 exd5 6. Bxd5 Qd6 7. d3 Be6 8.
Bxb7 Bd7 9. Bxa8 Bc6 10. Bxc6+ Nbxc6 11. Nf3 Nd4 12. Nxd4 cxd4 13. Ne4 Qe6 14.
O-O f5 15. Ng3 Qxe2 16. Nxe2 Nd5 17. Nxd4 Kd7 18. Nxf5 g6 19. Ne3 Nxe3 20. Bxe3
Bd6 21. Rfe1 Re8 22. Re2 a6 23. Rae1 h5 24. h4 Kd8 25. Bg5+ Be7 26. Rxe7 Rxe7
27. Rxe7 Kc8 28. Kf1 Kb8 29. Ke2 Kc8 30. Ke3 Kb8 31. Kd4 Kc8 32. Kc5 Kb8 33.
Kc6 Kc8 34. Re8# 1-0

[Event "First Saturday 2011 december FM-B"]
[Site "Budapest"]
[Date "2011.12.10"]
[Round "8"]
[White "Mihajlova, Diana"]
[Black "Naghib, Parisa"]
[Result "0-1"]
[WhiteElo "1454"]
[BlackElo "1653"]
[PlyCount "90"]
[EventDate "2011.12.03"]

1. e4 c5 2. Nc3 d6 3. f4 Nc6 4. Bc4 a6 5. Nf3 Nf6 6. O-O e6 7. d3 Be7 8. Qe1 b5
9. Bb3 O-O 10. Ne2 a5 11. a4 b4 12. c3 Bb7 13. Ng3 Qb6 14. c4 Rfd8 15. f5 d5
16. Bg5 dxe4 17. dxe4 e5 18. Bxf6 Bxf6 19. Nh5 Nd4 20. Bd1 Rd7 21. Nh4 Qd8 22.
Nf3 Ra6 23. Rc1 Rad6 24. g4 Nxf3+ 25. Bxf3 Bh4 26. Ng3 Rd2 27. Rf2 Rxf2 28.
Qxf2 Rd2 29. Qxc5 Qd4+ 30. Qxd4 exd4 31. c5 Bc6 32. Ne2 Rxb2 33. Rd1 Rc2 34.
Rc1 Rxc1+ 35. Nxc1 Be7 36. Nd3 Bxa4 37. e5 Bb5 38. f6 gxf6 39. exf6 Bxf6 40.
Be4 Bxd3 41. Bxd3 Be5 42. h4 a4 43. Kf1 b3 44. Ke1 a3 45. Bc4 a2 0-1

[Event "First Saturday 2011 december FM-B"]
[Site "Budapest"]
[Date "2011.12.11"]
[Round "9"]
[White "Takacs, Kevin"]
[Black "Mayer, Istvan"]
[Result "1-0"]
[WhiteElo "1788"]
[BlackElo "2031"]
[PlyCount "67"]
[EventDate "2011.12.03"]

1. Nf3 g6 2. e4 Bg7 3. d4 c5 4. dxc5 Nf6 5. Bd3 Qa5+ 6. Nc3 Qxc5 7. Be3 Qb4 8.
O-O d6 9. Nb5 Na6 10. c3 Qa5 11. Nxa7 Bd7 12. b4 Qd8 13. Nb5 O-O 14. Nbd4 Nc7
15. h3 e5 16. Ne2 Bc6 17. Ng3 Ra3 18. Qc2 Ne6 19. Bc1 Ra8 20. a4 b6 21. Rd1 Qc7
22. Ne2 d5 23. exd5 Bxd5 24. Ng5 Nxg5 25. Bxg5 e4 26. Bb5 Bc6 27. Bxc6 Qxc6 28.
Ng3 Rfe8 29. b5 Qb7 30. Rd6 Nd5 31. Nxe4 Nb4 32. cxb4 Bxa1 33. Rc6 Re6 34. Bf6
1-0

[Event "First Saturday 2011 december FM-B"]
[Site "Budapest"]
[Date "2011.12.11"]
[Round "9"]
[White "Lukacs, Albert"]
[Black "Mihajlova, Diana"]
[Result "1-0"]
[WhiteElo "1715"]
[BlackElo "1454"]
[PlyCount "55"]
[EventDate "2011.12.03"]

1. e4 d5 2. exd5 Nf6 3. d4 e6 4. dxe6 Bxe6 5. Nf3 c5 6. Bb5+ Nbd7 7. c4 a6 8.
d5 Bf5 9. Ba4 Bd6 10. Qe2+ Be4 11. Ng5 O-O 12. Nxe4 Nxe4 13. O-O Re8 14. Qf3 a5
15. Nc3 Nef6 16. Bg5 Be5 17. Rad1 h6 18. Bf4 Bd4 19. d6 Bxc3 20. Qxc3 Ne4 21.
Qh3 Re6 22. Bc2 Ng5 23. Bxg5 Qxg5 24. Bf5 Rae8 25. Bxe6 Rxe6 26. Rfe1 Qd2 27.
Qxe6 Qxd1 28. Qe8+ 1-0

[Event "First Saturday 2011 december FM-B"]
[Site "Budapest"]
[Date "2011.12.11"]
[Round "9"]
[White "Engelbrecht, Imre dr"]
[Black "Jones, Peter"]
[Result "1-0"]
[WhiteElo "1651"]
[BlackElo "1377"]
[PlyCount "81"]
[EventDate "2011.12.03"]

1. e4 g6 2. d4 Bg7 3. Nf3 c6 4. Be3 Nf6 5. Bd3 d5 6. Nc3 Ng4 7. O-O Nxe3 8.
fxe3 a6 9. Ng5 f6 10. Qf3 O-O 11. Nh3 Qb6 12. exd5 Bxh3 13. Qxh3 cxd5 14. Nxd5
Qd6 15. Nf4 f5 16. Bc4+ Kh8 17. c3 Nd7 18. Rae1 e5 19. Ne6 Rf6 20. Ng5 h5 21.
Nf7+ Rxf7 22. Bxf7 e4 23. Rf4 Nf6 24. Bxg6 Bh6 25. Rxf5 Rg8 26. Bxh5 Nxh5 27.
Rxh5 Kh7 28. Qf5+ Kh8 29. Rf1 Qe7 30. Qf6+ Qxf6 31. Rxf6 Rg7 32. Rfxh6+ Kg8 33.
Rh8+ Kf7 34. R8h7 Kg6 35. Rxg7+ Kxh5 36. Kf2 Kh4 37. a4 b5 38. a5 b4 39. cxb4
Kh5 40. Kg3 Kh6 41. Rg4 1-0

[Event "First Saturday 2011 december FM-B"]
[Site "Budapest"]
[Date "2011.12.11"]
[Round "9"]
[White "Somogyi, Akos"]
[Black "Shan He Jia, Rita"]
[Result "0-1"]
[WhiteElo "1258"]
[BlackElo "1546"]
[PlyCount "94"]
[EventDate "2011.12.03"]

1. e4 e6 2. d4 d5 3. exd5 exd5 4. Nf3 Nc6 5. Be2 Nf6 6. O-O Be7 7. Nc3 O-O 8.
Ne5 Bb4 9. Nxc6 bxc6 10. Bd2 Re8 11. Re1 Bxc3 12. Bxc3 Ne4 13. Bd3 Nxc3 14.
Rxe8+ Qxe8 15. bxc3 Be6 16. Qf3 Rb8 17. Qg3 Qe7 18. Qe3 h6 19. c4 Qb4 20. Qe1
Qxe1+ 21. Rxe1 dxc4 22. Be4 Bd5 23. Bxd5 cxd5 24. g3 Rb2 25. Re7 Rxc2 26. Rxc7
Rxa2 27. Rc8+ Kh7 28. Rd8 c3 29. Rxd5 c2 30. Rc5 Ra1+ 31. Kg2 c1=Q 32. Rxc1
Rxc1 33. Kf3 Re1 34. d5 Re5 35. d6 Rd5 36. d7 Rxd7 37. Ke4 a5 38. f4 a4 39. g4
a3 40. g5 hxg5 41. fxg5 a2 42. h4 a1=Q 43. h5 Qe1+ 44. Kf4 Rd4+ 45. Kf3 Qc3+
46. Kg2 Rd2+ 47. Kh1 Qc1# 0-1

[Event "First Saturday 2011 december FM-B"]
[Site "Budapest"]
[Date "2011.12.12"]
[Round "10"]
[White "Mayer, Istvan"]
[Black "Shan He Jia, Rita"]
[Result "1-0"]
[WhiteElo "2031"]
[BlackElo "1546"]
[PlyCount "43"]
[EventDate "2011.12.03"]

1. e4 e6 2. d4 d5 3. e5 c5 4. c3 Qb6 5. Nf3 Bd7 6. a4 cxd4 7. cxd4 Bb4+ 8. Nc3
Bxc3+ 9. bxc3 Ne7 10. Bd3 O-O 11. Bxh7+ Kh8 12. Bd3 g6 13. Bh6 Rc8 14. Qd2 Nf5
15. Bxf5 exf5 16. Bf8 g5 17. Be7 Qg6 18. Bxg5 Kg8 19. h4 Qh5 20. Bf6 Be6 21.
Qg5+ Qxg5 22. hxg5 1-0

[Event "First Saturday 2011 december FM-B"]
[Site "Budapest"]
[Date "2011.12.12"]
[Round "10"]
[White "Jones, Peter"]
[Black "Somogyi, Akos"]
[Result "1/2-1/2"]
[WhiteElo "1377"]
[BlackElo "1258"]
[PlyCount "73"]
[EventDate "2011.12.03"]

1. d4 e6 2. Bf4 Nf6 3. Nf3 Nc6 4. h3 d5 5. Nbd2 Bd6 6. Bxd6 Qxd6 7. a3 O-O 8.
e3 e5 9. c3 e4 10. Nh2 Be6 11. Be2 Ne7 12. Ng4 Nxg4 13. Bxg4 Bxg4 14. Qxg4 Qe6
15. Qe2 f5 16. g3 Qd6 17. Nb3 b6 18. h4 Qg6 19. O-O-O Qg4 20. Qxg4 fxg4 21.
Rdf1 Rac8 22. h5 h6 23. Rh4 g5 24. Rxg4 c5 25. dxc5 bxc5 26. Kd1 Rf3 27. Nd2
Rf5 28. f3 exf3 29. Rxf3 Rxf3 30. Nxf3 Nf5 31. Ke2 Re8 32. Ra4 Nxg3+ 33. Kf2
Nxh5 34. c4 dxc4 35. Rxc4 Rb8 36. b4 cxb4 37. axb4 1/2-1/2

[Event "First Saturday 2011 december FM-B"]
[Site "Budapest"]
[Date "2011.12.12"]
[Round "10"]
[White "Mihajlova, Diana"]
[Black "Engelbrecht, Imre dr"]
[Result "0-1"]
[WhiteElo "1454"]
[BlackElo "1651"]
[PlyCount "72"]
[EventDate "2011.12.03"]

1. e4 g6 2. d4 d6 3. Bc4 c6 4. Be3 Bg7 5. c3 Nf6 6. Nd2 e5 7. dxe5 dxe5 8. Bc5
b6 9. Ba3 c5 10. Qb3 O-O 11. Ngf3 Nc6 12. Bb5 Na5 13. Qa4 Qc7 14. b4 Nb7 15.
O-O Bd7 16. Bb2 Bxb5 17. Qxb5 a6 18. Qe2 b5 19. c4 Nd7 20. cxb5 axb5 21. Qxb5
Nd6 22. Qe2 cxb4 23. Rfc1 Qb7 24. Qd3 Nb5 25. Nb3 Rfd8 26. Qd2 Qxe4 27. Re1 Qf5
28. Qxb4 Nc7 29. Qc4 Ne6 30. a4 Rdc8 31. Qe2 Rc2 32. Qb5 Rxb2 33. Qxd7 Rxb3 34.
Qd5 Rbb8 35. Nxe5 Bxe5 36. Qxe5 Qxe5 0-1

[Event "First Saturday 2011 december FM-B"]
[Site "Budapest"]
[Date "2011.12.12"]
[Round "10"]
[White "Csetneki, Mark"]
[Black "Naghib, Parisa"]
[Result "1-0"]
[WhiteElo "1670"]
[BlackElo "1653"]
[PlyCount "65"]
[EventDate "2011.12.03"]

1. d4 Nf6 2. c4 g6 3. Nc3 Bg7 4. e4 d6 5. Bd3 O-O 6. Nge2 c5 7. d5 e6 8. O-O
Ng4 9. h3 Ne5 10. Ng3 Nxd3 11. Qxd3 exd5 12. exd5 Nd7 13. f4 a6 14. a4 Nf6 15.
f5 Nd7 16. Bf4 Ne5 17. Bxe5 Bxe5 18. fxg6 hxg6 19. Rf3 Bd7 20. Raf1 Bd4+ 21.
Kh1 Be5 22. b3 f5 23. Nce2 Qg5 24. Nf4 Rae8 25. Nge2 Qh6 26. Rg3 Rf6 27. Rff3
Bxf4 28. Nxf4 Re1+ 29. Kh2 Re4 30. Nxg6 Rxg6 31. Rxg6+ Qxg6 32. Rg3 Rg4 33.
Rxg4 1-0

[Event "First Saturday 2011 december FM-B"]
[Site "Budapest"]
[Date "2011.12.13"]
[Round "11"]
[White "Lukacs, Albert"]
[Black "Csetneki, Mark"]
[Result "1/2-1/2"]
[WhiteElo "1715"]
[BlackElo "1670"]
[PlyCount "38"]
[EventDate "2011.12.03"]

1. e4 e5 2. Nf3 Nc6 3. Bb5 g6 4. O-O Bg7 5. c3 a6 6. Ba4 d6 7. d4 Bd7 8. Bg5
Nge7 9. dxe5 dxe5 10. Re1 h6 11. Be3 O-O 12. Nbd2 Be6 13. Bc5 b5 14. Bb3 Qc8
15. Bd5 Re8 16. Qb3 Rd8 17. Bxe6 Qxe6 18. Qxe6 fxe6 19. a4 Kf7 1/2-1/2

[Event "First Saturday 2011 december FM-B"]
[Site "Budapest"]
[Date "2011.12.13"]
[Round "11"]
[White "Engelbrecht, Imre dr"]
[Black "Wanger, Tamas"]
[Result "0-1"]
[WhiteElo "1651"]
[BlackElo "1846"]
[PlyCount "77"]
[EventDate "2011.12.03"]

1. e4 e6 2. d4 d5 3. e5 c5 4. dxc5 Bxc5 5. Qg4 Bf8 6. Be3 Nc6 7. Nf3 Nge7 8. c3
Ng6 9. Bb5 Bd7 10. Bxc6 bxc6 11. Nbd2 Qc7 12. O-O c5 13. Rfe1 Rb8 14. Rab1 Rb7
15. Bg5 h6 16. Be3 Qa5 17. Nb3 Qc7 18. Nbd2 Qa5 19. Nb3 Qc7 20. Nbd2 Bc6 21. b4
Bb5 22. bxc5 Bxc5 23. Bxc5 Qxc5 24. Qb4 Qxb4 25. Rxb4 O-O 26. Reb1 Rfb8 27. Nb3
Bd3 28. Rxb7 Rxb7 29. Rb2 Bc4 30. g3 a5 31. Rc2 Bxb3 32. axb3 Rxb3 33. Nd4 Rb1+
34. Kg2 Nxe5 35. f4 Nc4 36. Kf2 a4 37. Nc6 a3 38. Nb4 Rb2 39. Re2 0-1

[Event "First Saturday 2011 december FM-B"]
[Site "Budapest"]
[Date "2011.12.13"]
[Round "11"]
[White "Shan He Jia, Rita"]
[Black "Jones, Peter"]
[Result "1-0"]
[WhiteElo "1546"]
[BlackElo "1377"]
[PlyCount "56"]
[EventDate "2011.12.03"]

1. d4 c6 2. Bf4 d5 3. e3 Nf6 4. Nf3 Nbd7 5. h3 a6 6. c4 Qa5+ 7. Nbd2 Ne4 8. Bd3
Nxd2 9. Qxd2 Qxd2+ 10. Nxd2 e6 11. O-O h6 12. Rac1 Bb4 13. Nb3 g5 14. Bg3 a5
15. a3 Be7 16. cxd5 exd5 17. Bf5 Nf6 18. Bxc8 Rxc8 19. Nxa5 Ne4 20. Be5 f6 21.
Bh2 Bd6 22. Bxd6 Nxd6 23. b4 Rc7 24. a4 Kd7 25. Nb3 g4 26. hxg4 Rg8 27. f3 f5
28. Nc5+ Ke7 1-0